Normal view MARC view

Entry Nombre personal

Number of records used in: 12

001 - NÚMERO DE CONTROL

  • campo de control: 241353

003 - IDENTIFICADOR DE NÚMERO DE CONTROL

  • campo de control: SpMaBN

005 - FECHA Y HORA DE LA ÚLTIMA TRANSACCIÓN

  • campo de control: 20250719173733.0

008 - ELEMENTOS DE DATO DE LONGITUD-FIJA

  • campo de control de longitud fija: 901120nn aijnnaabn a aaa

016 ## - NÚMERO DE CONTROL DE UNA AGENCIA BIBLIOGRÁFICA NACIONAL

  • Número de control del registro: BNE19900151872

024 7# - IDENTIFICADOR DE OTROS ESTÁNDARES

  • Número estándar o código: http://viaf.org/viaf/90884343/
  • Fuente: viaf

024 8# - IDENTIFICADOR DE OTROS ESTÁNDARES

  • Número estándar o código: https://data.cervantesvirtual.com/person/39922

024 7# - IDENTIFICADOR DE OTROS ESTÁNDARES

  • Número estándar o código: https://isni.org/isni/0000000116844978
  • Fuente: isni

024 7# - IDENTIFICADOR DE OTROS ESTÁNDARES

  • Número estándar o código: http://www.wikidata.org/entity/Q8353955
  • Fuente: wikidata

040 ## - FUENTE DE CATALOGACIÓN

  • Centro catalogador/agencia de origen: SpMaBN
  • Lengua de catalogación: spa
  • Centro/agencia transcriptor: SpMaBN
  • Normas de descripción: rdc
  • Convención/Normas de encabezamiento de materia/tesauro: embne

046 ## - FECHAS CON CODIFICACIÓN ESPECIAL

  • Fecha de nacimiento: 1950

100 1# - ENCABEZAMIENTO-NOMBRE DE PERSONA

  • Nombre de persona: Villanueva, Darío,
  • Fechas asociadas al nombre: 1950-

370 ## - LUGAR ASOCIADO

  • Lugar de nacimiento: Villalba
  • Número de control del registro de autoridad o número normalizado: XX453952
  • Fuente de información: Wikidata

372 ## - CAMPO DE ACTIVIDAD

  • Campo de actividad: Teoría de la Literatura y Literatura Comparada
  • Fuente de información: (Dialnet)

373 ## - GRUPO ASOCIADO

  • Grupo asociado: Real Academia Española
  • Fuente de información: Wikidata

374 ## - OCUPACIÓN

  • Ocupación: Escritores
  • Ocupación: Profesores
  • Ocupación: Críticos literarios
  • Fuente de información: Wikidata

375 ## - GÉNERO/SEXO

  • Género: Masculino

377 ## - IDIOMA ASOCIADO

  • Término de lengua/lenguaje: Gallego
  • Término de lengua/lenguaje: Español

400 1# - TRAZADO DE VÉASE--NOMBRE DE PERSONA

  • Nombre de persona: Darío Villanueva, Francisco
  • Fechas asociadas al nombre: 1950-

400 1# - TRAZADO DE VÉASE--NOMBRE DE PERSONA

  • Nombre de persona: Villanueva, Francisco Darío
  • Fechas asociadas al nombre: 1950-

400 1# - TRAZADO DE VÉASE--NOMBRE DE PERSONA

  • Nombre de persona: Villanueva Prieto, Darío
  • Fechas asociadas al nombre: 1950-

670 ## - FUENTE DE DATOS ENCONTRADOS

  • Cita de la fuente: Estudios en honor a Ricardo Gullón, 1984
  • Información encontrada: port. (Darío Villanueva, editor)

670 ## - FUENTE DE DATOS ENCONTRADOS

  • Cita de la fuente: Retóricas de la lectura y comunicación periodística, 1995
  • Información encontrada: port. (Darío Villanueva Prieto)

670 ## - FUENTE DE DATOS ENCONTRADOS

  • Cita de la fuente: En cueros vivos : homenaje a Camilo José Cela, 2002
  • Información encontrada: port. (Francisco Darío Villanueva, Rector de la Universidad de Santiago de Compostela)

670 ## - FUENTE DE DATOS ENCONTRADOS

  • Cita de la fuente: El comentario del texto narrativo, 2006
  • Información encontrada: port. (Darío Villanueva)

670 ## - FUENTE DE DATOS ENCONTRADOS

  • Cita de la fuente: Literatura comparada, 2018
  • Información encontrada: port. (Darío Villanueva Prieto), p. [2] (doctor en Filología Hispánica; catedrático de Teoría de la Literatura y Literatura Comparada en la Universidad de Santiago de Compostela)

670 ## - FUENTE DE DATOS ENCONTRADOS

  • Cita de la fuente: WWW RAE, 12-12-2014
  • Información encontrada: (Darío Villanueva Prieto; n. en Vilalba (Lugo) en 1950; elegido director de la RAE el 11. 12. 2014)
  • Identificador Uniforme de Recursos: http://www.rae.es/academicos/dario-villanueva-prieto

856 4# - LOCALIZACIÓN Y ACCESO ELECTRÓNICOS

  • Identificador Uniforme de Recursos: http://dialnet.unirioja.es/servlet/autorExterno/BNE/1091323